Nghề lưới kéo
Nội dung sách gồm: phân loại và cấu tạo lưới rê; lý thuyết và tính toán lưới kéo; kỹ thuật khai thác
Uloženo v:
| Hlavní autor: | |
|---|---|
| Médium: | Kniha |
| Jazyk: | Undetermined |
| Vydáno: |
Thành Phố Hồ Chí Minh
Nông nghiiệp
2004
|
| Témata: | |
| Tagy: |
Přidat tag
Žádné tagy, Buďte první, kdo otaguje tento záznam!
|
| Thư viện lưu trữ: | Trung tâm Học liệu Trường Đại học Cần Thơ |
|---|
| LEADER | 00793nam a2200229Ia 4500 | ||
|---|---|---|---|
| 001 | CTU_229964 | ||
| 008 | 210402s9999 xx 000 0 und d | ||
| 082 | |a 639.2 | ||
| 082 | |b Đ455 | ||
| 088 | |a 60620305 | ||
| 100 | |a Nguyễn, Văn Động | ||
| 245 | 0 | |a Nghề lưới kéo | |
| 245 | 0 | |c Nguyễn Văn Động | |
| 260 | |a Thành Phố Hồ Chí Minh | ||
| 260 | |b Nông nghiiệp | ||
| 260 | |c 2004 | ||
| 520 | |a Nội dung sách gồm: phân loại và cấu tạo lưới rê; lý thuyết và tính toán lưới kéo; kỹ thuật khai thác | ||
| 526 | |a Khai thác thủy sản | ||
| 526 | |b TS643 | ||
| 650 | |a Nghề cá,Fisheries | ||
| 910 | |a Tuyến | ||
| 980 | |a Trung tâm Học liệu Trường Đại học Cần Thơ | ||